Comparison of rate of senpidor variety in thmorkol district, battambang province, ប្រៀបធៀបកម្រិតពូជស្រូវសែនពិដោរ នៅស្រុកថ្មគោល ខេត្តបាត់ដំបង) (Record no. 1473)

000 -LEADER
fixed length control field 00620nam a22001337a 4500
040 ## - CATALOGING SOURCE
Transcribing agency RUA
082 ## - DEWEY DECIMAL CLASSIFICATION NUMBER
Classification number AGR BB CHH 2010 B061 OR.1
100 ## - MAIN ENTRY--AUTHOR NAME
Personal name CHHIM CHHAVANN
245 ## - TITLE STATEMENT
Title Comparison of rate of senpidor variety in thmorkol district, battambang province, ប្រៀបធៀបកម្រិតពូជស្រូវសែនពិដោរ នៅស្រុកថ្មគោល ខេត្តបាត់ដំបង)
260 ## - PUBLICATION, DISTRIBUTION, ETC. (IMPRINT)
Place of publication phnom penh
Name of publisher RUA
Year of publication 2010
300 ## - PHYSICAL DESCRIPTION
Number of Pages xiii, 56p.
Other physical details ill.
Dimensions 29cm.
856 ## - ELECTRONIC LOCATION AND ACCESS
Uniform Resource Identifier https://drive.google.com/file/d/1GWkErUGhi09wT4qTpCK24tke_pl6X7t1/view?usp=sharing
942 ## - ADDED ENTRY ELEMENTS (KOHA)
Koha item type AGR.bb
952 ## - LOCATION AND ITEM INFORMATION (KOHA)
Withdrawn status [LOCAL, KOHA] 0
952 ## - LOCATION AND ITEM INFORMATION (KOHA)
Withdrawn status [LOCAL, KOHA] 0
952 ## - LOCATION AND ITEM INFORMATION (KOHA)
Withdrawn status [LOCAL, KOHA] 0
952 ## - LOCATION AND ITEM INFORMATION (KOHA)
Withdrawn status [LOCAL, KOHA] 0
952 ## - LOCATION AND ITEM INFORMATION (KOHA)
Withdrawn status [LOCAL, KOHA] 0
952 ## - LOCATION AND ITEM INFORMATION (KOHA)
Withdrawn status [LOCAL, KOHA] 0
952 ## - LOCATION AND ITEM INFORMATION (KOHA)
Withdrawn status [LOCAL, KOHA] 0
Holdings
Koha item type Barcode Lost status Permanent Location Current Location Date acquired Full call number
AGR.bbRUA009840 Library Block BLibrary Block B2015-09-29AGR BB CHH 2010 B061 OR.1
AGR.bbRUA009768 Library Block BLibrary Block B2015-09-29AGR BB CHH 2010 B061 OR.2
AGR.bbRUA004337 Library Block BLibrary Block B2015-09-29AGR BB CHH 2010 B061 OR.3
AGR.bbRUA004409 Library Block BLibrary Block B2015-09-29AGR BB CHH 2010 B061 OR.4
AGR.bbRUA004481 Library Block BLibrary Block B2015-09-29AGR BB CHH 2010 B061 OR.5
AGR.bbRUA001617 Library Block BLibrary Block B2015-09-29AGR BB CHH 2010 B061 OR.6
AGR.bbRÄ005(%F Library Block BLibrary Block B2015-09-29AGR BB CHH 2010 B061 OR.7
មជ្ឈមណ្ឌលឯការនៃសាកលវិទ្យាល័យភូមិន្ទកសិកម្មចំការដូង

Powered by Koha